000 00915nas a2200325 4500
001 BR0800359
003 BR-BrBNA
005 20231205111453.0
007 ta
008 230509b bl.|||p| |||| 00| 00por d
040 _aBR-BrBNA
_bpor
_cBiblioteca Nacional de Agricultura
041 _a(Pt)
072 _aL74
100 1 _aWerner, P.R.
100 1 _aChiquito, M.
100 1 _aPachaly, J.R.
100 1 _aFerreira, F.M.
245 1 _aNeoplasias oculares diagnosticadas em animais do sul do Paraná, Brasil
650 _aNEOPLASIA
650 _aOLHO
650 _aCÃO
650 _aGATO
650 _aCAVALO
650 _aBOVINO
650 _aCARNEIRO
650 _aCAMUNDONGO
773 0 _tArquivos de Ciências Veterinárias e Zoologia da UNIPAR (Brazil)
_xISSN 1415-8167
_g(Aug-Dec 1998), v. 1(1) p. 13-21
_wBR0800359
909 _a202311
_bLúcia
_c55
_dLúcia Elande
942 _2AGRIS
_n0
_cANA
999 _c192920
_d192920